Xavier Valls : l'arquitecte de la solidaritat / Eugeni Madueño l'arquitecte de la solidaritat / Eugeni Madueño
Descripción Física:
125 p. . il. ; 23 cm
MARC
| LEADER | 00000nam a2200000Ia 4500 | ||
|---|---|---|---|
| 001 | 8436 | ||
| 008 | 160829s1988 xx 000 0 cat d | ||
| 080 | |a B-1-147 | ||
| 100 | |a Madueño, Eugeni |9 32240 | ||
| 245 | |a Xavier Valls : |b l'arquitecte de la solidaritat / Eugeni Madueño | ||
| 260 | |a Barcelona : |b CEUMT, |c 1988 | ||
| 300 | |a 125 p. . il. ; |c 23 cm | ||
| 590 | |a Amb el suport de la Diputació de Barcelona. | ||
| 650 | |a Valls i Bauzà, Xavier |9 37458 | ||
| 650 | |a Arquitectes |x Catalunya |x Biografia |9 37383 | ||
| 710 | 1 | |a Barcelona (Catalunya : Província). |b Diputació |9 52408 | |
| 901 | |a Arxiu | ||
| 942 | |n 1 | ||
| 952 | |0 0 |1 0 |4 0 |6 B1147 |7 1 |9 47879 |a Arxiu |b Arxiu |d 2016-12-01 |l 0 |o B-1-147 |p 8436 |r 2016-12-01 00:00:00 |w 2016-12-01 |y ARXIU | ||
| 999 | |c 51679 |d 51679 | ||